<?xml version="1.0" encoding="UTF-8"?><?xml-stylesheet type="text/xsl" href="static/style.xsl"?><OAI-PMH xmlns="http://www.openarchives.org/OAI/2.0/" xmlns:xsi="http://www.w3.org/2001/XMLSchema-instance" xsi:schemaLocation="http://www.openarchives.org/OAI/2.0/ http://www.openarchives.org/OAI/2.0/OAI-PMH.xsd"><responseDate>2026-04-17T03:07:18Z</responseDate><request verb="GetRecord" identifier="oai:www.recercat.cat:2117/87369" metadataPrefix="marc">https://recercat.cat/oai/request</request><GetRecord><record><header><identifier>oai:recercat.cat:2117/87369</identifier><datestamp>2025-07-17T10:36:49Z</datestamp><setSpec>com_2072_1033</setSpec><setSpec>col_2072_452950</setSpec></header><metadata><record xmlns="http://www.loc.gov/MARC21/slim" xmlns:dcterms="http://purl.org/dc/terms/" xmlns:xsi="http://www.w3.org/2001/XMLSchema-instance" xmlns:doc="http://www.lyncode.com/xoai" xsi:schemaLocation="http://www.loc.gov/MARC21/slim http://www.loc.gov/standards/marcxml/schema/MARC21slim.xsd">
   <leader>00925njm 22002777a 4500</leader>
   <datafield ind2=" " ind1=" " tag="042">
      <subfield code="a">dc</subfield>
   </datafield>
   <datafield ind2=" " ind1=" " tag="720">
      <subfield code="a">Bacardit Dalmases, Anna</subfield>
      <subfield code="e">author</subfield>
   </datafield>
   <datafield ind2=" " ind1=" " tag="720">
      <subfield code="a">Núñez, Ericka</subfield>
      <subfield code="e">author</subfield>
   </datafield>
   <datafield ind2=" " ind1=" " tag="720">
      <subfield code="a">Combalia Cendra, Felip</subfield>
      <subfield code="e">author</subfield>
   </datafield>
   <datafield ind2=" " ind1=" " tag="720">
      <subfield code="a">Ollé Otero, Lluís</subfield>
      <subfield code="e">author</subfield>
   </datafield>
   <datafield ind2=" " ind1=" " tag="260">
      <subfield code="c">2016</subfield>
   </datafield>
   <datafield ind2=" " ind1=" " tag="520">
      <subfield code="a">El objetivo del presente trabajo es recuperar un curtido fenólico natural utilizando la corteza del Tepehuaje. En este estudio se considera el uso de Tepehuaje (Lysiloma acapulcensis) como fuente natural de agentes curtientes y propone una alternativa a la curtición mineral evitando los metales pesados, así como extractos vegetales que provienen de la tala de árboles.&#xd;
Lo que se obtiene a través de este nuevo proceso es un nuevo curtido usando un producto totalmente natural sin modificar.&#xd;
Más allá de los objetivos técnicos y científicos de esta investigación, los dos pilares implícitos en el ámbito de aplicación son:&#xd;
• Medio Ambiente: El estudio se centra en los taninos obtenidos a partir de la corteza del Tepehuahe. Tepehuaje es un árbol, por lo tanto contribuye a fijar el carbono y el nitrógeno, y, contrariamente a otros taninos vegetales, la producción no depende de otras industrias o requiere la deforestación.&#xd;
• Social: Se demuestra que el árbol Tepehuaje es adecuado para la agrosilvicultura y representa una fuente de actividades económicas para las regiones mexicanas mediante la exportación de productos a los mercados de cuero.&#xd;
Cuando se compara con los procesos existentes, tradicionales, existen ventajas económicas y ambientales resultantes del uso de este nuevo material. Más específicamente, el Tepehuaje reduce en un 18,7% la conductividad en las aguas residuales y reduce en un 17% el nitrógeno. Y lo más importante, las aguas residuales no contienen cromo.</subfield>
   </datafield>
   <datafield ind2=" " ind1=" " tag="520">
      <subfield code="a">Peer Reviewed</subfield>
   </datafield>
   <datafield ind2=" " ind1=" " tag="520">
      <subfield code="a">Postprint (published version)</subfield>
   </datafield>
   <datafield tag="653" ind2=" " ind1=" ">
      <subfield code="a">Àrees temàtiques de la UPC::Enginyeria tèxtil</subfield>
   </datafield>
   <datafield tag="653" ind2=" " ind1=" ">
      <subfield code="a">Tanning</subfield>
   </datafield>
   <datafield tag="653" ind2=" " ind1=" ">
      <subfield code="a">Leather</subfield>
   </datafield>
   <datafield tag="653" ind2=" " ind1=" ">
      <subfield code="a">tepehuaje</subfield>
   </datafield>
   <datafield tag="653" ind2=" " ind1=" ">
      <subfield code="a">curtición polifenólica</subfield>
   </datafield>
   <datafield tag="653" ind2=" " ind1=" ">
      <subfield code="a">agrosilvicultura</subfield>
   </datafield>
   <datafield tag="653" ind2=" " ind1=" ">
      <subfield code="a">Adoberia</subfield>
   </datafield>
   <datafield tag="653" ind2=" " ind1=" ">
      <subfield code="a">Cuir</subfield>
   </datafield>
   <datafield ind2="0" ind1="0" tag="245">
      <subfield code="a">El tepehuaje, una nueva curtición sostenible polifenólica para la industria del cuero</subfield>
   </datafield>
</record></metadata></record></GetRecord></OAI-PMH>